Statistiques concernant Pays avec le plus d'immigrés

Cliquez ici pour prendre le quiz!

Statistiques générales

  • Ce quiz a été pris 715 fois
  • Le résultat moyen est 7 sur 10

Statistiques - réponses

Nombre d'immigrés (en millions)Pays% Correct
7,4France
99%
45,8Etats-Unis
93%
6,5Espagne
90%
9,8Allemagne
87%
7,3Canada
84%
7,8Royaume-Uni
83%
11Russie
77%
6,5Australie
56%
9,1Arabie saoudite
31%
7,8Emirats arabes unis
18%

Distribution des résultats

Percentile par nombre de réponses

% des personnes avec chaque résultat

Votre développement - résultats

Vous n’avez pas pris ce quiz